000 01381nam a22001817a 4500
999 _c61598
_d61598
005 20240326165956.0
008 240326c2023 ge ||||| |||| 00| 0 geo d
022 _a2587-490X
041 _ageo
245 _aაღმოსავლეთმცოდნეობის მაცნე :
_b2023.
_cრედაქტორი პროფესორი ემზარ მაკარაძე; ბათუმის შოთა რუსთაველის სახელმწიფო უნივერსიტეტი; ჰუმანიტარულ მეცნიერებათა ფაკულტეტი; აღმოსავლეთმცოდნეობის დეპარტამენტი;
260 _aთბილისი,
_c2018-
300 _aV.
653 _aაღმოსავლეთმცოდნეობა
653 _aპერიოდიკა
700 _aმაკარაძე, ემზარ
_eრედაქტორი
_94143
710 _a ბათუმის შოთა რუსთაველის სახელმწიფო უნივერსიტეტი; ჰუმანიტარულ მეცნიერებათა ფაკულტეტი; აღმოსავლეთმცოდნეობის დეპარტამენტი;
_921605
942 _2udc
_cCR